000
00293nam a22001337a 4500
008
180209b xxu||||| |||| 00| 0 eng d
020
_a
7217847074418000600
041
_a
eng
080
_a
371
100
_a
46
101
_a
EDU
245
_a
Kids in the Kitchen
_c
Clegg, H
942
_2
udc
_c
BK
999
_c
42240
_d
42240